Clinical Symposia (Record no. 33144)

MARC details
000 -LEADER
fixed length control field 00258nam a22001217a 4500
003 - CONTROL NUMBER IDENTIFIER
control field SGT
082 ## - DEWEY DECIMAL CLASSIFICATION NUMBER
Classification number 617.3
Item number C76S
100 ## - MAIN ENTRY--PERSONAL NAME
Personal name Shane, John M.
245 ## - TITLE STATEMENT
Title Clinical Symposia
Remainder of title Inferile Couple
260 ## - PUBLICATION, DISTRIBUTION, ETC. (IMPRINT)
Name of publisher, distributor, etc C.I.B.A.
Year of Publication 1976
300 ## - PAGE DESCRIPTION
No. of Pages 40
942 ## - ADDED ENTRY ELEMENTS (KOHA)
Source of classification or shelving scheme Dewey Decimal Classification
Koha item type Rare Books
Holdings
Withdrawn status Lost status Source of classification or shelving scheme Damaged status Use restrictions Not for loan Home library Current library Date acquired SGTU Total Checkouts Full call number Accession No. (Barcode) Date last seen Bill Date Koha item type
    Dewey Decimal Classification   Restricted Access Not For Loan SGT Dental Library SGT Dental Library 06/11/2025 SGTU   617.3 C76S FD10150 06/11/2025 06/11/2025 Rare Books